Statistics for democratic countries in the cold war(western world)

Click here to take the quiz!

General Stats

  • This quiz has been taken 417 times
    (411 since last reset)
  • The average score is 18 of 27

Answer Stats

Answer% Correct
france
93%
united states
90%
united kingdom
88%
italy
87%
norway
85%
belgium
82%
netherlands
82%
sweden
82%
denmark
81%
west germany
79%
finland
78%
austria
76%
greece
73%
japan
73%
australia
72%
luxembourg
70%
turkey
70%
ireland
69%
new zealand
67%
south korea
67%
iceland
66%
israel
48%
taiwan
45%
iran
35%
saudi arabia
30%
south vietnam
25%
jordan
18%

Score Distribution

Percentile by Number Answered

Percent of People with Each Score

Your Score History

You have not taken this quiz since the last reset